The invention of the emblem book and the transmission of knowledge, ca. 1510-1610 /
This study reexamines the invention of the emblem book and discusses the novel textual and pictorial means that applied to the task of transmitting knowledge. It offers a fresh analysis of Alciato's Emblematum liber, focusing on his poetics of the emblem, and on how he actually construed emblem...
| Main Author: | |
|---|---|
| Format: | Book |
| Language: | English |
| Published: |
Leiden ; Boston :
Brill,
[2019]
|
| Series: | Brill's studies in intellectual history ;
v. 295. Brill's studies in intellectual history. Brill's studies on art, art history, and intellectual history ; v. 36. |
| Subjects: |
MARC
| Tag | First Indicator | Second Indicator | Subfields |
|---|---|---|---|
| LEADER | 00000cam a2200000 i 4500 | ||
| 001 | in00004172012 | ||
| 008 | 181126t20192019ne ah b 001 0 eng c | ||
| 005 | 20250318222620.4 | ||
| 010 | |a 2018047368 | ||
| 019 | |a 1086613569 | ||
| 020 | |a 9004355251 |q (hardback : alk. paper) | ||
| 020 | |a 9789004355255 | ||
| 020 | |z 9789004387256 (e-book) | ||
| 035 | |a (OCoLC)1056198136 |z (OCoLC)1086613569 | ||
| 035 | |a (OCoLC)on1056198136 | ||
| 040 | |a PUL |b eng |e rda |c PUL |d YDX |d ERASA |d DLC |d OCLCF |d IPS |d L2U |d OCLCO |d CHVBK |d FSJ |d OCLCO |d OHX |d OCL |d UtOrBLW | ||
| 042 | |a pcc | ||
| 043 | |a e------ | ||
| 050 | 0 | 0 | |a PN56.E57 |b E64 2018 |
| 082 | 0 | 0 | |a 809/.915 |2 23 |
| 100 | 1 | |a Enenkel, K. A. E., |e author. |0 http://id.loc.gov/authorities/names/n90685348 | |
| 245 | 1 | 4 | |a The invention of the emblem book and the transmission of knowledge, ca. 1510-1610 / |c by Karl A.E. Enenkel. |
| 264 | 1 | |a Leiden ; |a Boston : |b Brill, |c [2019] | |
| 264 | 4 | |c ©2019 | |
| 300 | |a xxxv, 463 pages : |b illustrations (some color), facsimiles ; |c 25 cm. | ||
| 336 | |a text |b txt |2 rdacontent | ||
| 337 | |a unmediated |b n |2 rdamedia | ||
| 338 | |a volume |b nc |2 rdacarrier | ||
| 490 | 1 | |a Brill's studies in intellectual history, |x 0920-8607 ; |v volume 295 | |
| 490 | 1 | |a Brill's studies on art, art history, and intellectual history ; |v volume 36 | |
| 504 | |a Includes bibliographical references (pages 439-457) and index. | ||
| 505 | 0 | |a Intro; Contents; Acknowledgements; Preface; Illustrations; Part 1 Alciato; Chapter 1 The Emblematization of Nature, and the Poetics of Alciato's Epigrams; 1 Introduction; 2 Curiosities of Natural History; 3 Ekphrases of Works of Art; 4 Animal Poems, Drawn from the Greek Anthology, and the Aesopean Tradition; 5 Emblematic Constructions Based on Ovid's Metamorphoses; 6 The Description of Character Types through the Emblematization of Animals; 7 In Conclusion; Part 2 Vernacular Forerunners of Alciato's Emblematum Liber | |
| 505 | 8 | |a 5 The Game of Emblematic Interpretation and Emblematic Authorship: Hadrianus Junius' Emblemata (1565); 1 Introduction; 2 The Enigmatic Structure of the Emblems, and the Enigma of the Author's Self-Commentary; 3 Potential Models for Junius' Commentary?; 4 The Function of Junius' Commentary: Authorization of Emblematic Interpretations, Transmission of Emblematic Knowledge, and Collection of Commonplaces; 5 The Game of Emblematic Interpretation and Emblematic Authorship; Part 4 Advanced Emblematic Transmission of Knowledge | |
| 505 | 8 | |a Chapter 2 A Manuscript Emblem Book before Alciato: Johann von Schwarzenberg's Mirror of Religious Virtue (Memorial der Tugent, ca. 1510-1512)1 Introduction; 2 Schwarzenberg's Ideas about the Combination of Text and Image -- Congruences with the Emblematum Liber; 3 The Dichotomous Structure of Schwarzenberg's Emblems: Res significantes and res significatae; 4 Variations of the Dichotomous Structure; 5 A Catholic Emblem Book; 6 In Conclusion: The Transmission of Knowledge in Schwarzenberg's Emblematic Constructions | |
| 505 | 8 | |a Chapter 3 A Printed Emblem Book before Alciato: Johann von Schwarzenberg's Emblematization of Cicero's De officiis as a Mirror of Political Virtue1 A Printed Emblem Book before Alciato's Emblematum Liber; 2 The Genesis of the Emblematic De officiis; 3 The Transformation of De officiis into an Emblematic and Christian Mirror of Princes; 4 Emblematic Means for the Philosophical Education of Laymen: Proverbs, Similes, Moral Conclusions; 5 Political Realism -- A Kind of Machiavellization of De officiis avant la lettre?; 6 Monarchization of De officiis; 7 Emblems against Tyranny; 8 In Conclusion | |
| 505 | 8 | |a Part 3 The Emblematic Commentary as a Means of Transmitting KnowledgeChapter 4 The Transformation of the Emblem Book into an Encyclopaedia: Stockhamer's Commentary on Alciato (1551/1556); 1 Introduction: The Impact of a Commentary on the Genre of the Emblem Book; 2 Stockhamer's Commentary on Alciato and His Humanist Learning; 3 Stockhamer's Commentary and the Transmission of Knowledge: The Construction of an Encyclopaedic Compendium; 4 The Emblematic Commentary as a Combination of Various Types of Encyclopaedia's: Natural History, Etymology, Mythology, Grammar, and Collections of Proverbs | |
| 520 | 8 | |a This study reexamines the invention of the emblem book and discusses the novel textual and pictorial means that applied to the task of transmitting knowledge. It offers a fresh analysis of Alciato's Emblematum liber, focusing on his poetics of the emblem, and on how he actually construed emblems. It demonstrates that the "father of emblematics" had vernacular forebears, most importantly Johann von Schwarzenberg who composed two illustrated emblem books between 1510 and 1520.The study sheds light on the early development of the Latin emblem book 1531-1610, with special emphasis on the invention of the emblematic commentary, on natural history, and on advanced methods of conveying emblematic knowledge, from Junius to Vaenius. | |
| 600 | 1 | 0 | |a Alciati, Andrea, |d 1492-1550. |t Emblematum liber. |0 http://id.loc.gov/authorities/names/n86068516 |
| 600 | 1 | 0 | |a Camerarius, Joachim, |d 1500-1574. |t Symbolorum et emblematum ex animalibus quadrupedibus desumtorum centuria altera collecta a I.C. |
| 600 | 1 | 0 | |a Junius, Hadrianus, |d 1511-1575. |t Hadriani Iunii medici Emblemata ad D. Arnoldum Cobelium. |
| 600 | 1 | 0 | |a Schwarzenberg, Johann von, |d 1463-1528. |t Büchle Memorial. |
| 600 | 1 | 0 | |a Stockhammer, Sebastian. |t In D. Andreae Alciati emblemata succincta commentariola. |
| 600 | 1 | 0 | |a Veen, Otto van, |d 1556-1629. |t Q. Horati Flacci emblemata. |
| 600 | 1 | 7 | |a Alciati, Andrea, |d 1492-1550. |t Emblemata. |2 gnd |
| 630 | 0 | 7 | |a Emblematum liber (Alciati, Andrea) |2 fast |0 (OCoLC)fst01369788 |
| 648 | 7 | |a 1500-1699 |2 fast | |
| 650 | 0 | |a Emblem books, European |x History and criticism. | |
| 650 | 0 | |a Emblem books, European |x History |y 16th century. | |
| 650 | 0 | |a Emblem books, European |x History |y 17th century. | |
| 650 | 0 | |a Emblems |z Europe |x History. | |
| 650 | 0 | |a Learning and scholarship |z Europe |x History. | |
| 650 | 7 | |a 06.21 history of the printed book. |0 (NL-LeOCL)077592999 |2 nbc | |
| 650 | 7 | |a BIOGRAPHY & AUTOBIOGRAPHY / Literary. |2 bisacsh | |
| 650 | 7 | |a Emblem books, European. |2 fast |0 (OCoLC)fst01762587 | |
| 650 | 7 | |a Emblem. |2 gnd | |
| 650 | 7 | |a Emblemliteratur. |2 gnd | |
| 650 | 7 | |a Emblems. |2 fast |0 (OCoLC)fst00908357 | |
| 650 | 7 | |a Learning and scholarship. |2 fast |0 (OCoLC)fst00994857 | |
| 650 | 7 | |a Rezeption. |2 gnd | |
| 650 | 7 | |a Wissenschaftstransfer. |2 gnd | |
| 651 | 7 | |a Europe. |2 fast |0 (OCoLC)fst01245064 | |
| 655 | 7 | |a Criticism, interpretation, etc. |2 fast |0 (OCoLC)fst01411635 | |
| 655 | 7 | |a History. |2 fast |0 (OCoLC)fst01411628 | |
| 776 | 0 | 8 | |i Online version: |a Enenkel, K. A. E., author. |t Invention of the emblem book and the transmission of knowledge, ca. 1510-1610 |d Leiden ; Boston : Brill, 2018 |z 9789004387256 |w (DLC) 2018056771 |
| 830 | 0 | |a Brill's studies in intellectual history ; |v v. 295. |0 http://id.loc.gov/authorities/names/n86747150 | |
| 830 | 0 | |a Brill's studies in intellectual history. |p Brill's studies on art, art history, and intellectual history ; |v v. 36. |0 http://id.loc.gov/authorities/names/no2008047196 | |
| 852 | 8 | |b pda,print |z This title is available for the library to purchase for your use. Click the "Purchase It For Me" button to place a request. This item may take 5-10 business days to arrive. | |
| 955 | |a Print PDA title | ||
| 999 | f | f | |s 0c91c6d6-aad0-4feb-81b1-56811a47e5bb |i d188d9f9-b945-389e-8c7f-43e6fdde4bfa |t 0 |
| 952 | f | f | |a Texas A&M University |b College Station |c Sterling C. Evans Library |d Purchase on Demand |t 0 |e PN56.E57 E64 2018 |h Library of Congress classification |
| 998 | f | f | |a PN56.E57 E64 2018 |t 0 |l Purchase on Demand |